| 000 | 01577cam a22004457a 4500 | ||
|---|---|---|---|
| 003 | CHAP | ||
| 005 | 20220817043517.0 | ||
| 008 | 990211d1997 it b rn 00110 spa d | ||
| 010 | _a77014 | ||
| 011 | _a77986 | ||
| 020 | _a9253039892 | ||
| 022 | _a0259-2789 | ||
| 035 | _a87763 | ||
| 040 | _cCHAP | ||
| 082 | 0 | 4 |
_a639.2 _bF42Y v.10 |
| 110 | 2 | _aFAO | |
| 245 | 1 | 4 |
_aUna evaluación estratégica de la potencialidad para la piscicultura dulceacuícola en América Latina _c/por James McDaid Kapetsky y Shree S. Nath |
| 260 |
_aRoma : _bFAO, _c1997. |
||
| 300 |
_a125 p. : _bgráfs. ; mapas |
||
| 410 | 2 | _aFAO | |
| 490 | 0 |
_aCOPESCAL. Documento técnico _v; 10 |
|
| 590 |
_aBATCH-UPD _b10 _c20130110 _lUCH01 _h0427 |
||
| 590 |
_aBATCH-UPD _b10 _c20130110 _lUCH01 _h2109 |
||
| 590 |
_aBATCH-UPD _b10 _c20130410 _lUCH01 _h1531 |
||
| 590 |
_aBATCH-UPD _b10 _c20130914 _lUCH01 _h1345 |
||
| 590 |
_aCONVERSION _b10 _c20130109 _lUCH01 _h1342 |
||
| 650 | 1 | 4 |
_aAcuicultura. _9758 |
| 650 | 1 | 4 |
_aPesca continental. _987434 |
| 650 | 1 | 4 |
_aPiscicultura _xAmérica Latina. _988533 |
| 700 | 0 |
_aMcDaid Kapetsky, James. _973462 |
|
| 700 | 0 |
_aNath, Shree S. _980290 |
|
| 810 | 0 | _aFAO | |
| 830 | 0 | 0 |
_aCOPESCAL. Documento técnico _v; 10 _927878 |
| 901 | _aBK | ||
| 905 | _aLilia Sánchez G. | ||
| 942 | _cLIBRO | ||
| 949 |
_a639.2 F42Y v.10 _bBC _cFAO _d33724000709531 _eFAO2 _fc.2 _h94522 _i87763 _kDonaciØn _sb |
||
| 949 |
_a639.2 F42Y v.10 _bBC _cFAO _d33724000709549 _eFAO1 _h94521 _i87763 _kDonaciØn _sb |
||
| 949 |
_a639.2 F42Y v.10 _bBC _cFAO _d33724000709556 _eFAO2 _fc.3 _h94523 _i87763 _kDonaciØn _si |
||
| 999 |
_c77014 _d77014 |
||